La novela experimental
שמור ב:
| Main Authors: | , |
|---|---|
| פורמט: | ספר |
| שפה: | ספרדית |
| יצא לאור: |
Santiago
Nascimento
1975
|
| סדרה: | Biblioteca Popular Nascimento
|
| נושאים: | |
| תגים: |
הוספת תג
אין תגיות, היה/י הראשונ/ה לתייג את הרשומה!
|
MARC
| LEADER | 00000cam a2200000 a 4500 | ||
|---|---|---|---|
| 001 | UCX2919 | ||
| 003 | CL-VaPUC | ||
| 008 | 910906e19750000CL |||||||||||||||||spa|d | ||
| 082 | 0 | 4 | |a 809.3 |b ZOL |2 21 |
| 100 | 0 | |a Zola, Emile |e author |9 316220 | |
| 700 | 0 | |a Cabello de Carbonera, Mercedes |e author |9 319029 | |
| 245 | 1 | 3 | |a La novela experimental |
| 246 | 1 | 3 | |a La novela moderna estudio filosófico |
| 300 | |a 127 p | ||
| 942 | |c BK | ||
| 945 | |d 19910906 00:00:00 | ||
| 260 | |a Santiago |b Nascimento |c 1975 | ||
| 650 | 7 | |a NOVELA HISTORIA Y CRITICA |2 CL-VaPUC |9 316722 | |
| 583 | |a last modification |c 20131001 05:57:03 |k Rodrigo Vera | ||
| 490 | 0 | |a Biblioteca Popular Nascimento | |
| 999 | |c 223824 |d 223822 | ||
| 952 | |0 0 |1 0 |4 0 |6 809_300000000000000_ZOL_1975 |7 0 |8 A |9 220009 |a BIBEDU |b BIBEDU |d 2019-11-15 |i 2886855 |o 809.3 ZOL 1975 |p 2886855 |r 2019-11-15 |w 2019-11-15 |y BK |k LIT | ||
| 952 | |0 0 |1 0 |4 0 |6 809_300000000000000_ZOL_1975 |7 0 |8 A |9 220010 |a BIBEDU |b BIBEDU |d 2019-11-15 |i 2886863 |o 809.3 ZOL 1975 |p 2886863 |r 2019-11-15 |w 2019-11-15 |y BK |k LIT | ||
| 952 | |0 0 |1 0 |4 0 |6 809_300000000000000_ZOL_1975 |7 0 |8 A |9 220011 |a BIBEDU |b BIBEDU |d 2019-11-15 |i 2886871 |o 809.3 ZOL 1975 |p 2886871 |r 2019-11-15 |w 2019-11-15 |y BK |k LIT | ||
| 952 | |0 0 |1 0 |4 0 |6 809_300000000000000_ZOL_1975 |7 0 |8 A |9 220012 |a BIBEDU |b BIBEDU |d 2019-11-15 |i 288688K |o 809.3 ZOL 1975 |p 288688K |r 2019-11-15 |w 2019-11-15 |y BK |k LIT | ||
| 952 | |0 0 |1 0 |4 0 |6 809_300000000000000_ZOL_1975 |7 0 |8 A |9 220013 |a BIBEDU |b BIBEDU |d 2019-11-15 |i 2886898 |o 809.3 ZOL 1975 |p 2886898 |r 2019-11-15 |w 2019-11-15 |y BK |k LIT | ||
| 952 | |0 0 |1 0 |4 0 |6 809_300000000000000_ZOL_1975 |7 0 |8 A |9 220014 |a BIBEDU |b BIBEDU |d 2019-11-15 |i 2886901 |o 809.3 ZOL 1975 |p 2886901 |r 2019-11-15 |w 2019-11-15 |y BK |k LIT | ||
| 952 | |0 0 |1 0 |4 0 |6 809_300000000000000_ZOL_1975 |7 0 |8 A |9 220015 |a BIBEDU |b BIBEDU |d 2019-11-15 |i 3254682 |o 809.3 ZOL 1975 |p 3254682 |r 2019-11-15 |w 2019-11-15 |y BK |k LIT | ||
| 952 | |0 0 |1 0 |4 0 |6 809_300000000000000_ZOL_1975 |7 0 |8 A |9 220017 |a BIBCUR |b BIBCUR |d 2019-11-15 |i 3496724 |o 809.3 ZOL 1975 |p 3496724 |r 2025-04-22 |w 2019-11-15 |y BK |k PER | ||
| 952 | |0 0 |1 0 |4 0 |6 809_300000000000000_ZOL_1975 |7 0 |8 A |9 220018 |a BIBCUR |b BIBCUR |d 2019-11-15 |i 3496732 |o 809.3 ZOL 1975 |p 3496732 |r 2025-04-22 |w 2019-11-15 |y BK |k PER | ||
| 952 | |0 0 |1 0 |4 0 |6 809_300000000000000_ZOL_1975 |7 0 |8 A |9 220019 |a BIBCUR |b BIBCUR |d 2019-11-15 |i 3496740 |o 809.3 ZOL 1975 |p 3496740 |r 2025-04-22 |w 2019-11-15 |y BK |k PER | ||
| 952 | |0 0 |1 0 |4 0 |6 809_300000000000000_ZOL_1975 |7 0 |8 A |9 220020 |a BIBCUR |b BIBCUR |d 2019-11-15 |i 3597806 |o 809.3 ZOL 1975 |p 3597806 |r 2025-04-22 |w 2019-11-15 |y BK |k PER | ||
| 952 | |0 0 |1 0 |4 0 |6 809_300000000000000_ZOL_1975 |7 0 |8 A |9 220021 |a BIBEDU |b BIBEDU |d 2019-11-15 |i 380030K |o 809.3 ZOL 1975 |p 380030K |r 2019-11-15 |w 2019-11-15 |y BK |k LIT | ||